• 首页
  • 本馆介绍
  • 公告通知
  • 最新文献
  • 馆藏检索
  • 电子资源
  • 读者导购
  • 参考咨询
  • 我的图书馆
  • 登录
  • 详细信息显示
  • 放入我的书架
  • 预约/预借图书
  • 作者相关作品
  • 分类相关作品
  • 丛书相关作品
  • 出版社相关作品

书目信息

  • 表格格式
  • 工作单格式
  • 卡片格式
题名:
《马克思恩格斯选集》中的希腊罗马神话典故
    
 
作者: 戈宝权 编写
分册:  
出版信息: 北京   三联书店  1978.04
页数: 226页
开本: 20cm
丛书名:
单 册:
中图分类: A16
科图分类:
主题词: 马恩著作--专题汇编
电子资源:
ISBN:
000 00625nam0 2200205 45
001 0306241720
005 20031219104111.5
010    @dCNY0.65
091    @a17002.28
100    @a20030624d1978 km y0chiy0120 ea
101 0  @achi
105    @aca z 000yy
200 1  @a《马克思恩格斯选集》中的希腊罗马神话典故@A《Ma Ke Si En Ge Si Xuan Ji》Zhong De Xi La Luo Ma Shen Hua Dian Gu@f戈宝权编写@FGe Bao Quan Bian Xie
210    @a北京@c三联书店@d1978.04
215    @a226页@c雕塑,插图@d20cm
606 0  @a马恩著作@x专题汇编
690    @aA16@v3
701  0 @a戈宝权@4编写
801    @aCN@bTSTC@c20030624
905    @f1@b972@dA16@e1-1
    
    《马克思恩格斯选集》中的希腊罗马神话典故/戈宝权编写.-北京:三联书店,1978.04
    226页:雕塑,插图;20cm
    
    
    ISBN :CNY0.65
    
●
相关链接 在E读中查询图书 在五车中查询图书 在当当中查询图书 在豆瓣中查询图书


正题名:《马克思恩格斯选集》中的希腊罗马神话典故     索取号:A16/1-1         预约/预借

序号 登录号 条形码 馆藏地/架位号 状态 备注
1 0000972   001832592   第一样本阅览室/ [索取号:A16/1-1] 在馆    
唐山师范学院图书馆 欢迎您!
大连网信软件有限公司© 版权所有